Problémy v kolektívnom investovaní
Depozitár - pojem známy predovšetkým z oblasti kolektívneho investovania alebo investičného bankovníctva. Funkcia depozitára a podielnici podielových fondov. Vplyv kolektívneho investovania na rozvoj kapitálového trhu. Vymedzenie činnosti depozitára súčasným zákonom o kolektívnom investovaní. Admini...
Salvato in:
| Natura: | Capitolo di libro |
|---|---|
| Lingua: | slovacco |
| Soggetti: | |
| Tags: |
Nessun Tag, puoi essere il primo ad aggiungerne!!
|
MARC
| LEADER | 00000naa a2200000 4500 | ||
|---|---|---|---|
| 001 | r040312 | ||
| 005 | 20230921110248.9 | ||
| 041 | 0 | |a slo | |
| 044 | |a SK | ||
| 245 | 1 | 0 | |a Problémy v kolektívnom investovaní |
| 520 | |a Depozitár - pojem známy predovšetkým z oblasti kolektívneho investovania alebo investičného bankovníctva. Funkcia depozitára a podielnici podielových fondov. Vplyv kolektívneho investovania na rozvoj kapitálového trhu. Vymedzenie činnosti depozitára súčasným zákonom o kolektívnom investovaní. Administratívny servis. Komplikovanosť vymedzenia činností. Najspornejšou otázkou je kontrolná činnosť. | ||
| 610 | 2 | 0 | |a investovanie kolektívne |
| 610 | 2 | 0 | |a bankovníctvo investičné |
| 610 | 2 | 0 | |a depozity bankové |
| 610 | 2 | 0 | |a zákony |
| 610 | 2 | 0 | |a kontrola |
| 610 | 2 | 0 | |a trh kapitálový |
| 610 | 2 | 0 | |a Slovensko |